[Event "44th Rilton Cup 2014-15"]
[Site "Stockholm SWE"]
[Date "2014.12.28"]
[Round "2.3"]
[White "Romanov, Evgeny"]
[Black "Martynov, Pavel2"]
[Result "1-0"]
[WhiteTitle "GM"]
[BlackTitle "FM"]
[WhiteElo "2638"]
[BlackElo "2400"]
[WhiteFideId "4148843"]
[BlackFideId "4122186"]
[EventDate "2014.12.27"]

1. d4 d5 2. c4 c6 3. cxd5 cxd5 4. Bf4 Nc6 5. e3 Nf6 6. Nc3 Bg4 7. Qb3 Na5 8.
Bb5+ Bd7 9. Bxd7+ Qxd7 10. Qb5 Nc6 11. Nf3 e6 12. h3 Be7 13. Rc1 O-O 14. Ne5
Nxe5 15. dxe5 Qxb5 16. Nxb5 Ne4 17. f3 Nc5 18. Ke2 Rfc8 19. Rc2 a6 20. Nd6 Bxd6
21. exd6 Nd7 22. Rhc1 Rd8 23. Rc7 Rab8 24. Bg3 f6 25. e4 e5 26. f4 exf4 27. Bxf4
dxe4 28. g4 g5 29. Bg3 Kf7 30. Ke3 Ke6 31. Kxe4 h5 32. b4 hxg4 33. hxg4 Ne5 34.
Rd1 Rxd6 35. Rxd6+ Kxd6 36. Rf7 Ke6 37. Rxf6+ 1-0

[Event "44th Rilton Cup 2014-15"]
[Site "Stockholm SWE"]
[Date "2014.12.28"]
[Round "2.4"]
[White "Krasenkow, Michal"]
[Black "Bellon Lopez, Juan Manuel"]
[Result "1-0"]
[WhiteTitle "GM"]
[BlackTitle "GM"]
[WhiteElo "2614"]
[BlackElo "2381"]
[WhiteFideId "1113100"]
[BlackFideId "2200031"]
[EventDate "2014.12.27"]

1. Nf3 d5 2. d4 Nf6 3. c4 c6 4. e3 a6 5. Bd3 Bg4 6. Nbd2 e6 7. Qb3 b5 8. cxd5
Bxf3 9. Nxf3 Qxd5 10. Qc2 Bb4+ 11. Kf1 h6 12. e4 Qd7 13. h4 Ba5 14. Rh3 Qb7 15.
Ne5 Nfd7 16. Nxd7 Nxd7 17. Rg3 Bd8 18. e5 Nb6 19. Rxg7 Kf8 20. Rg3 Nd5 21. Bh7
Bxh4 22. Bxh6+ Ke8 23. Rh3 f5 24. Bg6+ Kd7 25. Rxh4 Ne7 26. Bh5 Rxh6 27. Be8+
Rxe8 28. Rxh6 b4 29. a4 Qb6 30. Qc4 Nd5 31. Rh7+ Re7 32. Rxe7+ Kxe7 33. Rc1 Kd7
34. Qc5 Qxc5 35. Rxc5 Nf4 36. b3 Kc7 37. g3 Nd5 38. Ke2 1-0

[Event "44th Rilton Cup 2014-15"]
[Site "Stockholm SWE"]
[Date "2014.12.28"]
[Round "2.5"]
[White "Hedman, Erik"]
[Black "Roiz, Michael"]
[Result "1/2-1/2"]
[WhiteTitle "FM"]
[BlackTitle "GM"]
[WhiteElo "2375"]
[BlackElo "2592"]
[WhiteFideId "1702351"]
[BlackFideId "2804158"]
[EventDate "2014.12.27"]

1. d4 Nf6 2. c4 e6 3. Nf3 b6 4. Bf4 Bb4+ 5. Nfd2 Bb7 6. a3 Be7 7. e3 c5 8. dxc5
bxc5 9. Be2 O-O 10. O-O d6 11. Nc3 Nbd7 12. Qc2 Qc7 13. Rfd1 Rfd8 14. Bf3 Bxf3
15. Nxf3 a6 16. h3 Nb6 17. b3 Qb7 18. Bg3 h6 19. Rd2 Rac8 20. Rad1 Ne8 21. Kh1
Rd7 22. Kg1 Rcd8 23. Kh1 Rc8 24. Kg1 Qc6 25. Kh1 Rcd8 26. Kg1 Nf6 27. Kh1 Rb8
28. Kg1 Rdd8 29. Kh1 Ne8 30. Kg1 Nd7 31. Rb1 Ndf6 32. Rbd1 Qb7 33. Rb1 Rdc8 34.
Rdd1 Qc6 35. Bh2 Rb7 36. Rd2 Rcb8 37. Ne1 Bd8 38. Rdd1 Ba5 39. f3 e5 40. Nd3
Bxc3 41. Qxc3 Nc7 42. Nc1 Rb6 1/2-1/2

[Event "44th Rilton Cup 2014-15"]
[Site "Stockholm SWE"]
[Date "2014.12.28"]
[Round "2.6"]
[White "Shimanov, Aleksandr"]
[Black "Jere, Daniel"]
[Result "1/2-1/2"]
[WhiteTitle "GM"]
[BlackTitle "IM"]
[WhiteElo "2591"]
[BlackElo "2370"]
[WhiteFideId "4198603"]
[BlackFideId "8700249"]
[EventDate "2014.12.27"]

1. c4 c5 2. Nf3 Nf6 3. g3 g6 4. Bg2 Bg7 5. d4 O-O 6. d5 d6 7. O-O b5 8. cxb5 a6
9. bxa6 Bxa6 10. Nc3 Nbd7 11. Qc2 Qb6 12. Rd1 Rfb8 13. Rb1 Qa7 14. h3 Ne8 15.
Bg5 Bxc3 16. bxc3 Bc4 17. Rxb8 Rxb8 18. Nd2 Qxa2 19. Qxa2 Bxa2 20. Bxe7 Nb6 21.
Ra1 Bxd5 22. Rb1 Bxg2 23. Kxg2 Nd7 24. Rxb8 Nxb8 25. Ne4 Nc6 26. Nxd6 Nxe7 27.
Nxe8 Nd5 28. c4 Nb6 29. Nd6 Kf8 30. g4 Ke7 31. Ne4 Nxc4 32. Nxc5 h6 33. Kg3 Nb6
34. h4 Nd5 35. e4 Nc3 36. Kf4 Kd6 37. Nb3 Nb5 38. Ke3 Nc7 39. f4 Ne6 40. Nd4 Nc5
41. h5 Nd7 42. e5+ Kd5 43. Nb5 gxh5 44. gxh5 Nxe5 45. Nc3+ Ke6 46. fxe5 Kxe5 47.
Ne2 Kf5 48. Kf3 Kg5 49. Nf4 f6 50. Kg3 f5 51. Kf3 Kh4 52. Kf2 Kg4 53. Ke3 Kg5
54. Kf3 Kh4 55. Nd3 1/2-1/2

[Event "44th Rilton Cup 2014-15"]
[Site "Stockholm SWE"]
[Date "2014.12.28"]
[Round "2.7"]
[White "Lokander, Martin"]
[Black "Turov, Maxim"]
[Result "0-1"]
[WhiteTitle "FM"]
[BlackTitle "GM"]
[WhiteElo "2365"]
[BlackElo "2591"]
[WhiteFideId "1709569"]
[BlackFideId "4120086"]
[EventDate "2014.12.27"]

1. d4 Nf6 2. Bg5 e6 3. Nd2 h6 4. Bh4 c5 5. e4 cxd4 6. e5 g5 7. Bg3 Nd5 8. h4 Qb6
9. hxg5 Qxb2 10. Rb1 Qa3 11. g6 fxg6 12. Qg4 Nc6 13. Qxg6+ Kd8 14. Rh3 Kc7 15.
Bc4 Nc3 16. Bf4 Qa5 17. Ra1 b5 18. Bb3 Ba3 19. Kf1 Bb7 20. Ngf3 Rag8 21. Qh5 Qb4
22. Nb1 Bb2 23. a3 Qf8 24. Nxc3 Bxc3 25. Bxh6 Rxh6 0-1

[Event "44th Rilton Cup 2014-15"]
[Site "Stockholm SWE"]
[Date "2014.12.28"]
[Round "2.8"]
[White "Grandelius, Nils"]
[Black "Luukkonen, Tommi"]
[Result "1-0"]
[WhiteTitle "GM"]
[BlackTitle "FM"]
[WhiteElo "2581"]
[BlackElo "2334"]
[WhiteFideId "1710400"]
[BlackFideId "501808"]
[EventDate "2014.12.27"]

1. e4 e5 2. Nf3 Nc6 3. Bb5 a6 4. Ba4 Nf6 5. O-O Be7 6. d3 b5 7. Bb3 d6 8. a4 Bd7
9. c3 O-O 10. Nbd2 Na5 11. Bc2 c5 12. Re1 Re8 13. Nf1 Nc6 14. h3 h6 15. Ne3 Bf8
16. Bb3 Rb8 17. axb5 axb5 18. Nh2 Be6 19. Bxe6 fxe6 20. Neg4 Nh7 21. Nf3 Qc7 22.
d4 exd4 23. cxd4 c4 24. Bd2 e5 25. d5 Nd4 26. Be3 Nxf3+ 27. Qxf3 Ra8 28. Bd2 Be7
29. Bb4 Rf8 30. Qc3 Qd7 31. Ra3 Ng5 32. f3 Bd8 33. Kh2 Bb6 34. Rea1 Rab8 35. Qc1
Bd4 36. Ra6 Bb6 37. Bd2 Nf7 38. Be3 Qc7 39. Qg1 Bxe3 40. Qxe3 Qe7 41. Ra7 Qh4
42. Rd7 Ra8 43. Rxa8 Rxa8 44. Rb7 h5 45. Nf2 c3 46. Rxb5 c2 47. Nd3 Ng5 48. Rb3
Rc8 49. Rc3 Rb8 50. Rxc2 Nf7 51. Qa7 Rf8 52. b4 Nh6 53. b5 Qg5 54. Qf2 Nf7 55.
b6 1-0

[Event "44th Rilton Cup 2014-15"]
[Site "Stockholm SWE"]
[Date "2014.12.28"]
[Round "2.9"]
[White "Ivanov, Sergey"]
[Black "Lindgren, Philip"]
[Result "1-0"]
[WhiteTitle "GM"]
[BlackTitle "FM"]
[WhiteElo "2559"]
[BlackElo "2332"]
[WhiteFideId "4101375"]
[BlackFideId "1713230"]
[EventDate "2014.12.27"]

1. d4 Nf6 2. c4 e6 3. Nc3 Bb4 4. Qc2 O-O 5. Nf3 c5 6. dxc5 Na6 7. g3 Nxc5 8. Bg2
b6 9. O-O Bb7 10. Nb5 Be4 11. Qd1 Nb7 12. a3 Be7 13. Bf4 d6 14. Nc3 Bc6 15. b4
Qc7 16. Rc1 Rfc8 17. Qb3 Qd8 18. Rfd1 Qe8 19. Qb1 a6 20. e4 e5 21. Bg5 h6 22.
Bxf6 Bxf6 23. Bh3 Rcb8 24. Qd3 a5 25. Nd5 Qd8 26. Qe3 axb4 27. axb4 Ra4 28. Ra1
Rba8 29. Qc3 b5 30. cxb5 Rxa1 31. Nxf6+ Qxf6 32. Rxa1 Rxa1+ 33. Qxa1 Bxe4 34.
Nd2 Bd5 35. Bg2 Qe6 36. Qa6 Bxg2 37. Kxg2 Qd5+ 38. Kg1 Qxd2 39. Qxb7 Qxb4 40. b6
d5 41. Qc8+ Kh7 42. b7 Qe1+ 43. Kg2 Qe4+ 44. Kh3 Qd3 45. b8=Q Qf1+ 46. Kh4 g5+
47. Kh5 Qe2+ 48. g4 1-0

[Event "44th Rilton Cup 2014-15"]
[Site "Stockholm SWE"]
[Date "2014.12.28"]
[Round "2.10"]
[White "Hillarp Persson, Tiger"]
[Black "Furhoff, Johan"]
[Result "1/2-1/2"]
[WhiteTitle "GM"]
[BlackTitle "IM"]
[WhiteElo "2544"]
[BlackElo "2321"]
[WhiteFideId "1700812"]
[BlackFideId "1701797"]
[EventDate "2014.12.27"]

1. d4 d5 2. c4 c6 3. Nc3 Nf6 4. e3 e6 5. Nf3 Nbd7 6. a3 Bd6 7. g4 h6 8. Rg1 e5
9. cxd5 cxd5 10. h4 e4 11. g5 hxg5 12. hxg5 Nh5 13. Nd2 Nb6 14. g6 fxg6 15. Rxg6
Bf5 16. Rg1 Qf6 17. Qb3 Be6 18. Qb5+ Bd7 19. Nxd5 Qe6 20. Nxb6 Bxb5 21. Bxb5+
Ke7 22. Bc4 Qf5 23. Nd5+ Kd8 24. Nc3 Nf6 25. Rxg7 Rh2 26. Nd1 Rc8 27. Be2 Rc2
28. Rg1 Qc8 29. Nf1 Rxc1 30. Rxc1 Qxc1 31. Nxh2 Bxh2 32. Rg6 Nd7 33. Rh6 Bb8 34.
Rh8+ Ke7 35. Rh7+ Kd6 36. Rh6+ Kc7 37. Bg4 Nb6 38. Rh8 a5 39. Rh7+ Kc6 40. Bf5
Nc4 41. Bxe4+ Kd6 42. Rh6+ Ke7 43. Bf3 b5 44. Rh7+ Kf6 45. Rb7 Qd2+ 46. Kf1 Qd3+
47. Ke1 Bh2 48. Rxb5 a4 49. Be2 Qd2+ 50. Kf1 Bd6 51. Nc3 Qc1+ 52. Kg2 Nxb2 53.
Ne4+ Ke7 54. Rb7+ Bc7 55. Nc5 Kd6 56. Ra7 Qc2 57. Ra6+ Ke7 58. Re6+ Kf8 59. Bh5
Nd1 60. Re8+ Kg7 61. Re7+ Kh6 62. Bxd1 Qxd1 63. Rxc7 Qg4+ 64. Kf1 Qd1+ 65. Kg2
Qg4+ 1/2-1/2

[Event "44th Rilton Cup 2014-15"]
[Site "Stockholm SWE"]
[Date "2014.12.28"]
[Round "2.11"]
[White "Couso, Luis"]
[Black "Urkedal, Frode"]
[Result "0-1"]
[WhiteTitle "FM"]
[BlackTitle "IM"]
[WhiteElo "2328"]
[BlackElo "2517"]
[WhiteFideId "1702920"]
[BlackFideId "1506102"]
[EventDate "2014.12.27"]

1. e4 e5 2. Nf3 Nc6 3. Bb5 a6 4. Ba4 Nf6 5. O-O Be7 6. Re1 b5 7. Bb3 d6 8. c3
O-O 9. h3 Nb8 10. d4 Nbd7 11. Nbd2 Bb7 12. Bc2 Re8 13. Nf1 Bf8 14. Ng3 g6 15. b3
c6 16. a4 Qc7 17. Bb2 Bg7 18. Ra2 d5 19. Nxe5 Nxe5 20. dxe5 Nxe4 21. Nxe4 dxe4
22. Bxe4 Bxe5 23. c4 Rad8 24. Qc1 Bh2+ 25. Kf1 Bf4 26. Qc3 Be5 27. Qf3 Bxb2 28.
Rxb2 f5 0-1

[Event "44th Rilton Cup 2014-15"]
[Site "Stockholm SWE"]
[Date "2014.12.28"]
[Round "2.12"]
[White "Tari, Aryan"]
[Black "Cederstam Barsk, Carl"]
[Result "1-0"]
[WhiteTitle "IM"]
[BlackTitle "FM"]
[WhiteElo "2485"]
[BlackElo "2317"]
[WhiteFideId "1510045"]
[BlackFideId "1713329"]
[EventDate "2014.12.27"]

1. e4 c5 2. Nf3 d6 3. d4 cxd4 4. Qxd4 a6 5. h3 Nc6 6. Qe3 Nf6 7. c4 e6 8. Be2
Be7 9. O-O O-O 10. Rd1 Qc7 11. Nc3 Nd7 12. b3 b6 13. Ba3 Rd8 14. Rac1 Qb8 15.
Rd2 Ra7 16. Rcd1 Nde5 17. Nxe5 Nxe5 18. Na4 Rb7 19. f4 Nc6 20. e5 d5 21. cxd5
exd5 22. Bxe7 Qxe5 1-0

[Event "44th Rilton Cup 2014-15"]
[Site "Stockholm SWE"]
[Date "2014.12.28"]
[Round "2.13"]
[White "Semcesen, Daniel"]
[Black "Rydstrom, Tom"]
[Result "1-0"]
[WhiteTitle "GM"]
[WhiteElo "2471"]
[BlackElo "2243"]
[WhiteFideId "1706993"]
[BlackFideId "1714830"]
[EventDate "2014.12.27"]

1. d4 Nf6 2. c4 e6 3. Nc3 d5 4. cxd5 exd5 5. Bg5 c6 6. Qc2 Na6 7. e3 Nb4 8. Qb1
g6 9. Qd1 a5 10. a3 Na6 11. Bd3 Nc7 12. Nge2 Ne6 13. Bh4 Be7 14. f3 O-O 15. O-O
Ne4 16. Be1 Nxc3 17. bxc3 c5 18. a4 Bd7 19. Bf2 Bc6 20. e4 c4 21. Bc2 Qd7 22.
Qc1 Bf6 23. e5 Be7 24. f4 f5 25. exf6 Rxf6 26. f5 gxf5 27. Bh4 Rf7 28. Bxe7 Qxe7
29. Bxf5 Ng7 30. Ng3 Bd7 31. Re1 Qf6 32. Bxd7 Rxd7 33. Re5 Qf7 34. Qg5 Re8 35.
Rae1 Rxe5 36. Rxe5 Kh8 37. h3 Rd6 38. Re7 Qg6 39. Qf4 Rd8 40. Rxb7 Re8 41. Kh2 1-0

[Event "44th Rilton Cup 2014-15"]
[Site "Stockholm SWE"]
[Date "2014.12.28"]
[Round "2.14"]
[White "Engstrom, Kaj"]
[Black "Turova, Irina"]
[Result "1/2-1/2"]
[BlackTitle "IM"]
[WhiteElo "2261"]
[BlackElo "2421"]
[WhiteFideId "1701134"]
[BlackFideId "4120876"]
[EventDate "2014.12.27"]

1. e4 e5 2. Nf3 Nc6 3. Bb5 f5 4. d3 fxe4 5. dxe4 Nf6 6. Bg5 Bc5 7. Nc3 d6 8. Qe2
a6 9. Bc4 Bg4 10. Nd5 b5 11. Bb3 Nd4 12. Qd3 Nxb3 13. axb3 Be6 14. b4 Bxd5 15.
bxc5 Bc4 16. Qa3 O-O 17. b3 Be6 18. O-O Qb8 19. Rfe1 a5 20. cxd6 cxd6 21. Rad1
b4 22. Qc1 h6 23. Bxf6 Rxf6 24. Rd3 Qc7 25. Qd2 Bg4 26. Nh4 Rc8 27. Rc1 Rcf8 28.
f3 Bc8 29. c4 bxc3 30. Rdxc3 Qb6+ 31. Qf2 Qxf2+ 1/2-1/2

[Event "44th Rilton Cup 2014-15"]
[Site "Stockholm SWE"]
[Date "2014.12.28"]
[Round "2.15"]
[White "Bellia, Fabrizio"]
[Black "Norlin, Egor"]
[Result "1/2-1/2"]
[WhiteTitle "IM"]
[WhiteElo "2420"]
[BlackElo "2186"]
[WhiteFideId "800511"]
[BlackFideId "1713973"]
[EventDate "2014.12.27"]

1. e4 e6 2. d4 d5 3. Nd2 Nf6 4. e5 Nfd7 5. Bd3 c5 6. c3 Nc6 7. Ne2 cxd4 8. cxd4
f6 9. exf6 Qxf6 10. Nf3 h6 11. O-O Bd6 12. a3 O-O 13. Bc2 Rf7 14. Ng3 Nf8 15.
Nh5 Qd8 16. Re1 Bd7 17. Ne5 Nxe5 18. dxe5 Bc5 19. Be3 Rc8 20. Bxc5 Rxc5 21. Rc1
Qb6 22. Qd2 Be8 23. Bd3 Rxc1 24. Rxc1 Rc7 25. Ng3 Rxc1+ 26. Qxc1 Qd4 27. Qc3
Qxc3 28. bxc3 Bg6 29. Be2 Nd7 30. f4 Kf7 31. Kf2 Ke7 32. Ke3 Nc5 33. c4 dxc4 34.
Bxc4 Nd7 35. Ne2 Nb6 36. Bb3 Be8 37. Nd4 Bd7 38. g4 g6 39. h3 a6 40. Kd3 Nc8 41.
Kc4 b6 42. Bc2 Kf7 43. Be4 Na7 44. Bb7 a5 45. Be4 Bc8 46. f5 gxf5 47. gxf5 exf5
48. Bxf5 Bxf5 49. Nxf5 Ke6 50. Nxh6 Kxe5 51. Ng4+ Kf4 52. Nf6 Kg3 53. Nd5 Nc8
54. Nc3 Kxh3 55. a4 Kg4 56. Kb5 Nd6+ 57. Kc6 Nc4 58. Nd1 Kf3 59. Kb5 Na3+ 60.
Kxb6 Ke2 61. Kxa5 Kd3 62. Kb4 Nc2+ 63. Kb5 Nd4+ 64. Kc5 Nb3+ 65. Kb4 Nd4 66.
Nb2+ Ke4 67. Kc5 Nb3+ 68. Kb4 Nd4 69. Kc4 Nc6 70. Kc5 Nd4 71. Nc4 Nb3+ 72. Kb4
Nd4 73. Nb6 Ke5 74. Kc5 Nb3+ 75. Kc4 Na5+ 76. Kc5 Ke6 77. Kb5 Nb3 78. Kc4 Na5+
79. Kb4 Nb7 80. Kb5 Kd6 81. Na8 Kd7 82. Kb6 Kc8 83. Nc7 Nc5 84. a5 Nd7+ 85. Kc6
Ne5+ 86. Kb6 Nc4+ 87. Kb5 Nxa5 88. Kxa5 1/2-1/2

[Event "44th Rilton Cup 2014-15"]
[Site "Stockholm SWE"]
[Date "2014.12.28"]
[Round "2.16"]
[White "Sarandos, Vasilios"]
[Black "Vandenbussche, Thibaut"]
[Result "1-0"]
[BlackTitle "FM"]
[WhiteElo "2245"]
[BlackElo "2418"]
[WhiteFideId "4203542"]
[BlackFideId "204412"]
[EventDate "2014.12.27"]

1. d4 Nf6 2. c4 c5 3. d5 g6 4. Nc3 Bg7 5. e4 O-O 6. Bd3 e6 7. Nge2 exd5 8. exd5
d6 9. O-O Nbd7 10. Bf4 Ne8 11. Qd2 Ne5 12. Bg5 Qc7 13. f4 Nxd3 14. Qxd3 Bf5 15.
Qd2 h6 16. Bh4 Nf6 17. Ng3 Qd7 18. Rae1 Rfe8 19. h3 h5 20. Kh2 a6 21. a4 Nh7 22.
b3 Bf6 23. Bxf6 Nxf6 24. Nxf5 Qxf5 25. g3 b6 26. Rf2 Rxe1 27. Qxe1 h4 28. gxh4
Re8 29. Qd2 Kg7 30. Rg2 Nh5 31. Ne2 Qf6 32. Qc3 Qxc3 33. Nxc3 Re3 34. Ne2 Rxb3
35. f5 Kf6 36. fxg6 fxg6 37. Rf2+ Ke5 38. Ng1 Kd4 39. Rg2 Kxc4 40. Rxg6 Kb4 41.
Rg5 Nf6 42. Rf5 Nd7 43. Nf3 c4 44. h5 c3 45. Ne1 Rb2+ 46. Kg3 Re2 47. Nd3+ Kc4
48. Nc1 Re1 49. h6 Ne5 50. h7 Ng6 51. Rf6 Rxc1 52. Rxg6 Rg1+ 53. Kf2 Rxg6 54.
h8=Q b5 55. Qc8+ Kb3 56. axb5 axb5 57. Qf5 Rg8 58. Qb1+ Kc4 59. Qe4+ Kb3 60.
Qb1+ Kc4 61. Qa2+ Kd4 62. Qc2 b4 63. h4 Rc8 64. Ke2 Re8+ 65. Kd1 Kc4 66. Qa2+
Kc5 67. Qa5+ Kc4 68. Qa2+ Kc5 69. h5 Rf8 70. h6 Rf1+ 71. Ke2 Rh1 72. Kd3 Rh3+
73. Kc2 Rxh6 74. Qa5+ Kc4 75. Qa6+ Kc5 76. Kb3 Rh5 77. Qc4+ Kb6 78. Kxb4 c2 79.
Qc6+ Ka7 80. Qc7+ Ka8 81. Qxc2 Rh6 82. Kb5 1-0

[Event "44th Rilton Cup 2014-15"]
[Site "Stockholm SWE"]
[Date "2014.12.28"]
[Round "2.17"]
[White "Nielsen, Hogni Egilstoft"]
[Black "Goganov, Aleksey"]
[Result "1/2-1/2"]
[BlackTitle "GM"]
[WhiteElo "2226"]
[BlackElo "2615"]
[WhiteFideId "7200404"]
[BlackFideId "24109959"]
[EventDate "2014.12.27"]

1. e4 d6 2. d4 Nf6 3. Nc3 e5 4. Nf3 Nbd7 5. Bc4 Be7 6. O-O O-O 7. Re1 c6 8. a4
a5 9. h3 Nb6 10. Bb3 Nfd7 11. Be3 exd4 12. Nxd4 Nc5 13. Nf5 Bxf5 14. Bxc5 dxc5
15. exf5 c4 16. Qe2 cxb3 17. Qxe7 Qxe7 18. Rxe7 bxc2 19. Rc1 Rab8 20. Rxc2 Rfe8
21. Rc7 Kf8 22. b3 Rec8 23. Rxc8+ Rxc8 24. Ne4 Nd5 25. Nd6 Rc7 26. Re2 Ne7 27.
f6 gxf6 28. Nc4 b5 29. axb5 cxb5 30. Nxa5 Ra7 31. b4 Rd7 32. Re4 Rd1+ 33. Kh2
Rd2 34. Nb3 Rxf2 35. Nd4 f5 36. Re5 Rf4 37. Nxb5 Rxb4 38. Nd6 f4 39. Re4 Rxe4
40. Nxe4 Kg7 41. Kg1 Nc6 42. Kf2 Ne5 43. Nc3 Kg6 44. Nd5 Kf5 45. Ke2 h5 46. Kf2
h4 47. Nc3 Nc6 48. Ne2 Ne5 49. Nc3 Nd3+ 50. Ke2 Nc5 51. Nb5 Ke5 52. Kf3 Nd3 53.
Nc3 Kf5 54. Ke2 Nc1+ 55. Kf2 Nb3 56. Nb5 Nd2 57. Ke2 Nb3 58. Nd6+ Ke6 59. Nxf7
Kxf7 60. Kf3 Nd4+ 61. Kxf4 Kg6 62. Kg4 Nf5 63. Kf4 Kf6 64. Kg4 Ke5 65. Kf3 Ng3 1/2-1/2

[Event "44th Rilton Cup 2014-15"]
[Site "Stockholm SWE"]
[Date "2014.12.28"]
[Round "2.18"]
[White "Hammar, Bengt"]
[Black "Mikhalevski, Victor"]
[Result "0-1"]
[WhiteTitle "FM"]
[BlackTitle "GM"]
[WhiteElo "2211"]
[BlackElo "2571"]
[WhiteFideId "1700391"]
[BlackFideId "2801914"]
[EventDate "2014.12.27"]

1. e4 e5 2. Nf3 Nc6 3. Bb5 a6 4. Ba4 Nf6 5. O-O Nxe4 6. d4 b5 7. Bb3 d5 8. dxe5
Be6 9. Be3 Be7 10. Qe2 O-O 11. Rd1 Na5 12. Nbd2 Nxd2 13. Qxd2 c6 14. h3 Qc7 15.
c3 Bf5 16. Bg5 Be4 17. Bxe7 Qxe7 18. Qg5 Rae8 19. Re1 Bxf3 20. Qxe7 Rxe7 21.
gxf3 Rfe8 22. f4 f6 23. Bd1 fxe5 24. fxe5 Rxe5 25. Rxe5 Rxe5 26. Bg4 Nc4 27. Bd7
Nxb2 28. Bxc6 Na4 29. Rc1 Kf7 30. Bb7 Nc5 31. Bc8 Ke7 32. Bg4 Kd6 33. Rd1 Na4
34. Rd3 Kc5 35. Kf1 a5 36. Be2 Re7 37. Rg3 Rc7 38. Bd1 Nb6 39. Rg5 Kd6 40. Be2
Na4 41. Bf3 Nxc3 0-1

[Event "44th Rilton Cup 2014-15"]
[Site "Stockholm SWE"]
[Date "2014.12.28"]
[Round "2.19"]
[White "Henriksson, Johan"]
[Black "Bekker-Jensen, Simon"]
[Result "0-1"]
[WhiteTitle "FM"]
[BlackTitle "IM"]
[WhiteElo "2267"]
[BlackElo "2459"]
[WhiteFideId "1703560"]
[BlackFideId "1403613"]
[EventDate "2014.12.27"]

1. d4 Nf6 2. Nf3 g6 3. g3 Bg7 4. Bg2 O-O 5. O-O d6 6. c4 Nc6 7. Nc3 Bf5 8. d5
Na5 9. Nd4 Bd7 10. b3 c5 11. dxc6 bxc6 12. Bb2 Rb8 13. Rb1 Qc7 14. Qd2 Rfd8 15.
e4 Nb7 16. Nc2 a5 17. Na4 d5 18. cxd5 cxd5 19. exd5 Bxa4 20. bxa4 Qc4 21. Nd4
Nxd5 22. Rfc1 Qb4 23. Qxb4 Nxb4 24. Nc6 Nxc6 25. Bxg7 Kxg7 26. Rxc6 Nd6 27. Re1
Rb4 28. Rxe7 Rb1+ 29. Bf1 Nf5 30. Ra7 Rdd1 31. Rcc7 Nd6 32. Kg2 Rxf1 33. Rd7
Rbd1 34. h3 Rg1+ 35. Kh2 Rge1 36. Kg2 Rd2 37. Ra6 Re6 38. Kf1 Nc4 39. Rxe6 Rxd7
40. Rc6 Rd4 41. Rc5 Kf6 0-1

[Event "44th Rilton Cup 2014-15"]
[Site "Stockholm SWE"]
[Date "2014.12.28"]
[Round "2.20"]
[White "Akesson, Ralf"]
[Black "Ertan, Can"]
[Result "1/2-1/2"]
[WhiteTitle "GM"]
[BlackTitle "FM"]
[WhiteElo "2457"]
[BlackElo "2224"]
[WhiteFideId "1700120"]
[BlackFideId "6306330"]
[EventDate "2014.12.27"]

1. d4 Nf6 2. c4 e6 3. g3 d5 4. Bg2 dxc4 5. Nf3 c5 6. O-O Nc6 7. Ne5 Nxe5 8. dxe5
Qxd1 9. Rxd1 Nd5 10. Na3 Bd7 11. Nxc4 Bb5 12. Nd6+ Bxd6 13. exd6 Bc6 14. a3 a5
15. Bd2 a4 16. Rac1 b6 17. Bc3 O-O 18. e4 Nxc3 19. bxc3 Rfd8 20. f4 Ra7 21. e5
Bxg2 22. Kxg2 b5 23. Rd2 Kf8 24. Kf3 Ke8 25. Rb1 Rb8 26. Rdb2 Rab7 27. g4 h6 28.
Ke3 Kd7 29. h4 Kc6 30. h5 Kd5 31. Kd3 Kc6 32. Ke4 Kd7 33. g5 hxg5 34. fxg5 Kc6
35. h6 gxh6 36. gxh6 Rh8 37. Rh2 Rbb8 38. h7 Rbf8 39. Rh6 Rb8 40. Rb2 Rb7 41.
Rg2 b4 42. cxb4 cxb4 43. Rc2+ Kd7 44. axb4 Rxb4+ 45. Kd3 Rb3+ 46. Rc3 Rb7 47.
Kc2 f6 48. Rxf6 Rxh7 49. Rf2 Rg7 50. Rh2 Kd8 51. Rch3 Rb5 52. Rh8+ Kd7 53. Ra8
Kc6 54. Re2 Rb4 55. Rd2 Rgb7 56. Kd1 Rb1+ 57. Ke2 R1b5 58. Ra6+ Kd7 59. Rxa4
Rxe5+ 60. Kf3 Rf5+ 61. Rf4 Rb3+ 62. Kg4 Rd5 63. Rxd5 exd5 64. Rf6 Re3 65. Kf4 d4
66. Rh6 Re1 67. Kf3 Re3+ 68. Kf4 Re2 69. Kf3 1/2-1/2

[Event "44th Rilton Cup 2014-15"]
[Site "Stockholm SWE"]
[Date "2014.12.28"]
[Round "2.21"]
[White "Haug, Johannes"]
[Black "Hagen, Andreas Skytte"]
[Result "1/2-1/2"]
[BlackTitle "IM"]
[WhiteElo "2121"]
[BlackElo "2430"]
[WhiteFideId "1509268"]
[BlackFideId "1407341"]
[EventDate "2014.12.27"]

1. e4 e5 2. Nf3 Nc6 3. Bb5 Nf6 4. d3 Bc5 5. Bxc6 dxc6 6. O-O Nd7 7. Nbd2 O-O 8.
Nc4 Re8 9. Be3 Bf8 10. Re1 c5 11. a4 f6 12. h3 Nb8 13. c3 Be6 14. Qc2 Nc6 15.
Rad1 Qd7 16. b3 Qf7 17. Ra1 a5 18. Nfd2 Rad8 19. Nf1 Rd7 20. g4 Red8 21. Rad1 b6
22. Ng3 Ne7 23. f3 Kh8 24. h4 g6 25. h5 Kg8 26. Kf2 Bg7 27. Bc1 Nc6 28. Rg1 Qe7
29. Ke2 Bf7 30. hxg6 hxg6 31. Rh1 Qf8 32. Nb2 Be6 33. Nc4 Kf7 34. Nf1 Ke8 35.
Ng3 Re7 36. Be3 Qg8 37. Bh6 Kd7 38. Bxg7 Qxg7 39. Kd2 Kc8 40. Kc1 Red7 41. Kb2
Ne7 42. Ne3 Ng8 43. Qe2 Nh6 44. Kc2 Nf7 45. Qf1 Qg8 46. Qe2 Ng5 47. Nc4 Bf7 48.
Qe3 Bxc4 49. dxc4 Rxd1 50. Rxd1 Rxd1 51. Kxd1 Qh7 52. f4 Nh3 53. f5 Nf4 54. Kc1
Qh3 55. fxg6 Qxg4 56. Nf5 Nxg6 57. Qd3 Nf4 58. Ne7+ Kb7 59. Qd8 Qe6 60. Kb1 Qd6
61. Qc8+ Ka7 62. Nd5 Nxd5 63. cxd5 c4 64. Kb2 cxb3 65. Kxb3 Qc5 66. Kc2 Qc4 67.
Kd2 Qc5 68. Kc2 Qe7 69. Kb3 Qh7 70. Ka3 Qf7 71. Kb2 Qe7 72. Kb3 Qd6 73. Kb2 Qc5
74. Kc2 Qc4 75. Kd2 Qc5 1/2-1/2

[Event "44th Rilton Cup 2014-15"]
[Site "Stockholm SWE"]
[Date "2014.12.28"]
[Round "2.22"]
[White "Sjodahl, Pontus"]
[Black "Eriksson, Jorgen"]
[Result "1-0"]
[WhiteTitle "IM"]
[WhiteElo "2421"]
[BlackElo "2211"]
[WhiteFideId "1700537"]
[BlackFideId "1701967"]
[EventDate "2014.12.27"]

1. d4 Nf6 2. c4 e6 3. Nc3 Bb4 4. e3 O-O 5. Ne2 Re8 6. a3 Bf8 7. d5 a5 8. g3 Na6
9. Bg2 Nc5 10. b3 d6 11. O-O Bd7 12. Ra2 c6 13. b4 axb4 14. axb4 Rxa2 15. Nxa2
Na6 16. Nec3 exd5 17. cxd5 c5 18. bxc5 Nxc5 19. Ba3 Qc8 20. Bb2 Bf5 21. Qd4 Qd7
22. f3 Bd3 23. Rf2 Ba6 24. Nb4 Qe7 25. e4 Nfd7 26. Nxa6 bxa6 27. Bf1 Rb8 28. Nd1
a5 29. Ne3 Rb4 30. Nf5 Qg5 31. h4 Rxd4 32. hxg5 Rd1 33. Kg2 Ne5 34. Ne3 Re1 35.
Bxe5 Rxe3 36. Bd4 Ra3 37. Bxc5 dxc5 38. e5 Ra4 39. f4 Rd4 40. d6 f6 41. Rc2 Bxd6
42. exd6 fxg5 43. Rxc5 Rxd6 44. Rxg5 g6 45. Rxa5 Rd7 46. Rd5 Rc7 47. Bb5 Rc2+
48. Kh3 Rc1 49. Rd7 Rh1+ 50. Kg4 Rc1 51. Ba4 Rc5 52. Bb3+ Kh8 53. Bd5 h6 54. Be4
g5 55. Kh5 gxf4+ 56. Kxh6 Kg8 57. gxf4 Ra5 58. f5 Ra6+ 59. Kg5 Ra1 60. Bd5+ Kh8
61. Kh6 Ra6+ 62. Be6 Ra8 63. Rh7# 1-0